| 000 | 00779nam a2200205Ii 4500 | ||
|---|---|---|---|
| 003 | JO-AjNU | ||
| 008 | 230605s9999||||xx |||||||||||||| ||und|| | ||
| 040 |
_aJO-AjNU _bara _erda _cJO-AjNU |
||
| 041 | _aara | ||
| 050 | 1 | 4 | _aBF698.M612.2005 |
| 100 | 3 |
_aمورتنس،دونالد.ج ، شمولر،ألن.م ، لجنة التعريب والترجمة/اعداد وترجمة, _eauthor _922806 |
|
| 245 | 0 | 0 | _aالشخصية:نموها وطرق توجيهها في المدرسة |
| 250 | _aط1 | ||
| 264 | 3 | 1 | _aالعين:دار الكتاب الجامعي ، 2005 |
| 300 | _a192ص | ||
| 336 |
_atext _btxt _2rdacontent |
||
| 337 |
_aunmediated _bn _2rdamedia |
||
| 338 |
_avolume _bnc _2rdacarrier |
||
| 650 | 4 |
_aشخصية-سيكولوجية-علم نفس تربوي _922807 |
|
| 999 |
_aA8154 _c11722 _d11722 |
||